[Event "IRI-ch U16"]
[Site "Chess.com INT"]
[Date "2021.01.16"]
[Round "4"]
[White "Ghayourifar, Ali"]
[Black "Pourramezan Chafjiri, Parsa"]
[Result "1-0"]
[WhiteElo "1916"]
[BlackElo "1728"]
[PlyCount "103"]
[EventDate "2021.01.16"]
[EventType "swiss"]
[EventRounds "11"]
[EventCountry "IRI"]
[SourceTitle "EXT 2022"]
[Source "ChessBase"]
[SourceDate "2021.10.06"]
[SourceVersion "1"]
[SourceVersionDate "2021.10.06"]
[SourceQuality "1"]

1. e4 c5 2. c3 d6 3. d4 cxd4 4. cxd4 g6 5. Nf3 Bg7 6. Nc3 Nf6 7. Be2 0-0 8. 0-0 Nc6 9. h3 d5 10. e5 Ne4 11. Bd3 Nxc3 12. bxc3 a6 13. a4 Qc7 14. Ba3 Rd8 15. Nd2 Na5 16. Bb4 Nc4 17. a5 Nb2 18. Qe2 Nxd3 19. Qxd3 Bf5 20. Qe3 Rac8 21. g4 Be6 22. f4 Bh6 23. Qd3 Bd7 24. Rf2 Bb5 25. Qg3 Rd7 26. Qh4 Bf8 27. f5 Qd8 28. fxg6 hxg6 29. Nf3 f6 30. e6 Rdc7 31. g5 f5 32. Ne5 Qe8 33. Nf7 Bg7 34. Qf4 Rc6 35. Re1 Bd3 36. Re5 Be4 37. h4 Rxe6 38. Rxe6 Qxf7 39. Rxe7 Qf8 40. Rxe4 Qd8 41. Re6 Qd7 42. Rfe2 Qa4 43. h5 Qd1+ 44. Kg2 gxh5 45. Qxf5 Rf8 46. Bxf8 Bxf8 47. Re8 Qxe2+ 48. Rxe2 h4 49. Qg6+ Kh8 50. Re8 h3+ 51. Kxh3 b5 52. Rxf8# 1-0

[Event "IRI-ch U16"]
[Site "Chess.com INT"]
[Date "2021.01.16"]
[Round "2"]
[White "Ghayourifar, Ali"]
[Black "Rashedi, Amin"]
[Result "1-0"]
[WhiteElo "1916"]
[BlackElo "1586"]
[PlyCount "93"]
[EventDate "2021.01.16"]
[EventType "swiss"]
[EventRounds "11"]
[EventCountry "IRI"]
[SourceTitle "EXT 2022"]
[Source "ChessBase"]
[SourceDate "2021.10.06"]
[SourceVersion "1"]
[SourceVersionDate "2021.10.06"]
[SourceQuality "1"]

1. e4 c5 2. c3 d5 3. exd5 Qxd5 4. d4 Nf6 5. Nf3 e6 6. Be3 cxd4 7. cxd4 Be7 8. Nc3 Qd6 9. Bc4 0-0 10. 0-0 Nc6 11. Qd2 Rd8 12. a3 b6 13. Bf4 Qd7 14. Bb5 Bb7 15. Ne2 Rac8 16. Rac1 Nd5 17. Ne5 Qe8 18. Rfd1 Bf6 19. Bg3 a6 20. Nxc6 Bxc6 21. Bxa6 Ra8 22. Bc4 Ne7 23. Bc7 Rdc8 24. Bxb6 Ba4 25. Re1 Nf5 26. Bd3 Rxc1 27. Rxc1 Ne7 28. Be4 Ra6 29. Bc5 Nd5 30. Bxd5 exd5 31. Nc3 Bb3 32. Re1 Re6 33. Rxe6 Qxe6 34. Qe2 Qc8 35. a4 h6 36. a5 Qa8 37. Bb6 Bc4 38. Qd1 Qc6 39. b3 Ba6 40. Qf3 Be7 41. h3 Bb4 42. Nxd5 Qc1+ 43. Kh2 Bd6+ 44. g3 Qf1 45. Ne3 Qb5 46. Qd5 Qd7 47. Bc5 1-0

[Event "IRI-ch U16"]
[Site "Chess.com INT"]
[Date "2021.01.16"]
[Round "5"]
[White "Movahed, Sina"]
[Black "Ghayourifar, Ali"]
[Result "1-0"]
[WhiteElo "1804"]
[BlackElo "1916"]
[PlyCount "141"]
[EventDate "2021.01.16"]
[EventType "swiss"]
[EventRounds "11"]
[EventCountry "IRI"]
[SourceTitle "EXT 2022"]
[Source "ChessBase"]
[SourceDate "2021.10.06"]
[SourceVersion "1"]
[SourceVersionDate "2021.10.06"]
[SourceQuality "1"]

1. e4 e6 2. d4 d5 3. e5 c5 4. c3 Qb6 5. Nf3 Bd7 6. g3 Bb5 7. Na3 Bxf1 8. Kxf1 cxd4 9. cxd4 Bxa3 10. bxa3 Nc6 11. Kg2 Nge7 12. Be3 0-0 13. Qd3 h6 14. Rab1 Qc7 15. Bd2 Rfc8 16. Rhc1 Qd7 17. h4 b6 18. h5 Nd8 19. Bb4 Ndc6 20. Qb5 Qb7 21. Bxe7 Nxe7 22. a4 Rxc1 23. Rxc1 Rc8 24. Rxc8+ Qxc8 25. a5 Qc6 26. Qa6 Qc7 27. axb6 Qxb6 28. Qa3 Qc7 29. Nd2 Nf5 30. Qa4 Kh7 31. Nf3 Qc4 32. Qxc4 dxc4 33. Kf1 Ne7 34. Ke2 Nd5 35. a3 g6 36. hxg6+ Kxg6 37. Nd2 Nc3+ 38. Kf3 Nb5 39. Nxc4 Nxd4+ 40. Ke4 Nc6 41. f4 Ne7 42. Ne3 h5 43. a4 a6 44. a5 Nc6 45. Nc4 Ne7 46. Nd6 Nc6 47. Nc4 Ne7 48. Nd6 Nc6 49. Nb7 Ne7 50. Nc5 Nc6 51. Nb3 Ne7 52. Nd4 Nd5 53. f5+ Kh7 54. fxe6 fxe6 55. Nxe6 Ne7 56. Nc7 Kg7 57. Nxa6 Nc6 58. Kd5 Nxa5 59. Nc7 Kf7 60. Ne6 Nb3 61. Nf4 Nd2 62. Nxh5 Nf1 63. Kd6 Ne3 64. Kd7 Nd5 65. e6+ Kf8 66. Nf4 Nf6+ 67. Kd8 Kg7 68. e7 Kf7 69. Nd5 Ne8 70. Kd7 Ng7 71. Nc7 1-0